000 00739na a2200265 4500
001 22038
003 MIRAKIL
005 20181213155223.0
008 170210b tu 000 0
035 _a22038
040 _aMilas
_btur
_cTR-AnCHP
041 _atur
082 _aHalkevleri 366.016
_bC25b 1939
090 _aHalkevleri 366.016 C25b 1939
100 _aCandar, Avni
245 _aBibliyografya
_bhalkevleri neşriyatı
_cAvni Candar
246 _aHalkevleri neşriyatı
260 _aAnkara
_b[yayl. y.]
_c1939
300 _a61 s.
_c23 sm.
610 _aCHP
_xHalkevleri
650 _aBibliyografya
_xHalkevleri
650 _aHalkevleri
_xYayınlar
_yBibliyografya
942 _2ddc
_cBKS
999 _c8745
_d8745